| Tag |
First Indicator |
Second Indicator |
Subfields |
| LEADER |
00000cam a2200000 a 4500 |
| 001 |
in00000396830 |
| 005 |
20151012052049.0 |
| 008 |
860520s1985 ilub 00100 eng d |
| 020 |
|
|
|a 0844294942 (pbk.)
|
| 035 |
|
|
|a (OCoLC)13590937
|
| 035 |
|
|
|9 ABT8825AM
|
| 040 |
|
|
|a DMM
|c DMM
|d TXA
|d UtOrBLW
|
| 049 |
|
|
|a TXAC
|c [A09354495]
|
| 090 |
|
|
|a G1797.2.E635
|b E97 1985
|
| 245 |
0 |
0 |
|a European atlas for travelers.
|
| 264 |
|
1 |
|a Lincolnwood, Ill. :
|b Passport Books,
|c [1985]
|
| 264 |
|
4 |
|c ©1985
|
| 300 |
|
|
|a 252 pages :
|b color maps ;
|c 30 cm.
|
| 336 |
|
|
|a text
|b txt
|2 rdacontent
|
| 337 |
|
|
|a unmediated
|b n
|2 rdamedia
|
| 338 |
|
|
|a volume
|b nc
|2 rdacarrier
|
| 500 |
|
|
|a Cover title: Passport's European atlas for travelers.
|
| 500 |
|
|
|a Includes index.
|
| 650 |
|
0 |
|a Atlases.
|
| 651 |
|
0 |
|a Europe
|v Maps.
|
| 740 |
0 |
|
|a Passport's European atlas for travelers.
|
| 999 |
|
|
|a MARS
|
| 999 |
f |
f |
|s 8f1d4a15-80ed-3875-b98b-ecf3f18b3daf
|i e514d390-a997-3418-88c7-499b98a11e22
|t 0
|
| 952 |
f |
f |
|p noncirc
|a Texas A&M University
|b College Station
|c Sterling C. Evans Library
|d Evans: Maps (2nd floor)
|t 0
|e G1797.2.E635 E97 1985
|h Library of Congress classification
|i unmediated -- volume
|m A14809354495
|
| 998 |
f |
f |
|a G1797.2.E635 E97 1985
|t 0
|l Evans: Maps (2nd floor)
|